Sports Quiz

Random Sports or NBA Quiz

NBA Biggest Losers Quiz Stats

 Plays Quiz not verified by Sporcle

Challenge
Share
Tweet
Embed
Score 0/63 Timer 03:00
0 Plays Today
Year Team % Correct
2001-2002Chicago Bulls & Golden State Warriors
98.4%
1975-1976Chicago Bulls
96.1%
2000-2001Chicago Bulls
96.1%
1984-1985Indiana Pacers & Golden State Warriors
95.3%
1972-1973Philadelphia 76ers
93.8%
1973-1974Philadelphia 76ers
93.8%
2002-2003Cleveland Cavaliers & Denver Nuggets
93.8%
1964-1965San Francisco Warriors
93%
1952-1953Philadelphia Warriors
92.2%
1988-1989Miami Heat
92.2%
2007-2008Miami Heat
92.2%
1960-1961New York Knicks
91.5%
1962-1963New York Knicks
91.5%
1963-1964New York Knicks
91.5%
1985-1986New York Knicks
91.5%
1957-1958Minneapolis Lakers
89.9%
1970-1971Cleveland Cavaliers
88.4%
1977-1978New Jersey Nets
88.4%
1981-1982Cleveland Cavaliers
88.4%
1989-1990New Jersey Nets
88.4%
2009-2010New Jersey Nets
88.4%
2011-2012Charlotte Bobcats
87.6%
1976-1977New York Nets
86.8%
1980-1981Dallas Mavericks
86%
1986-1987Los Angeles Clippers
86%
1987-1988Los Angeles Clippers
86%
1992-1993Dallas Mavericks
86%
1993-1994Dallas Mavericks
86%
1994-1995Los Angeles Clippers
86%
1999-2000Los Angeles Clippers
86%
1983-1984Indiana Pacers
85.3%
1951-1952Milwaukee Hawks
83.7%
Year Team % Correct
1954-1955Milwaukee Hawks
83.7%
1967-1968San Diego Rockets
83.7%
1969-1970San Diego Rockets
83.7%
1982-1983Houston Rockets
83.7%
2003-2004Orlando Magic
83.7%
2004-2005Atlanta Hawks
83.7%
1949-1950Denver Nuggets
81.4%
1990-1991Denver Nuggets
81.4%
1997-1998Denver Nuggets
81.4%
1991-1992Minnesota Timberwolves
79.8%
2010-2011Minnesota Timberwolves
79.8%
1995-1996Vancouver Grizzlies
79.1%
1996-1997Vancouver Grizzlies
79.1%
1998-1999Vancouver Grizzlies
79.1%
1965-1966Detroit Pistons
78.3%
1979-1980Detroit Pistons
78.3%
2006-2007Memphis Grizzlies
78.3%
2008-2009Ssacramento Kings
77.5%
1968-1969Phoenix Suns
76.7%
1971-1972Portland Trail Blazers
76.7%
2005-2006Portland Trail Blazers
76.7%
1974-1975New Orleans Jazz
73.6%
1978-1979New Orleans Jazz
73.6%
1953-1954Baltimore Bullets
69.8%
1966-1967Baltimore Bullets
69.8%
1955-1956Rochester Royals
40.3%
1956-1957Rochester Royals
40.3%
1958-1959Cincinnati Royals
40.3%
1959-1960Cincinnati Royals
40.3%
1961-1962Chicago Packers
14%
1950-1951Washington Capitols
11.6%

You're not logged in!

Compare scores with friends on all Sporcle quizzes.
OR
Log In

You Might Also Like...

Show Comments

Extras

Top Quizzes Today


Score Distribution

Your Account Isn't Verified!

In order to create a playlist on Sporcle, you need to verify the email address you used during registration. Go to your Sporcle Settings to finish the process.

Report this User

Report this user for behavior that violates our Community Guidelines.

Details: